Personnage des aventures de Tintin : Zorrino - Statistiques

Statistiques générales
  • Ce quiz a été pris 59 fois
  • Le résultat moyen est 13 sur 16
Statistiques - réponses
Questions Réponses % Correct
Fruits que vendait Zorrino au moment où il rencontre Tintin. Des oranges
100%
Pays dans lequel vit Zorrino. Le Pérou
100%
Animal qui accompagne Zorrino, Tintin et Haddock pour porter les provisions, au grand dam d'Haddock. Animal qui a la réputation surfaite de cracher à la figure des gens. Le lama
98%
Album dans lequel apparaît Zorrino. Le Temple du Soleil
96%
Instrument de musique trouvé par Tintin. Zorrino explique que les Incas fabriquent cet instruments avec les os des morts. Une flûte
96%
Vêtement ample d'Amérique latine que porte Zorrino. Vêtement que porte également Clint Eastwood dans les films de Sergio Leone. Le poncho
94%
Animal insectivore typique de l'Amérique centrale et de l'Amérique du sud. Zorrino explique que si cet animal a réveillé le capitaine, c'est qu'il était plein de fourmis et que cet animal mange des fourmis. Le tamanoir
91%
Chaîne du montagne dans laquelle se situe la ville fictive de Jauga où Tintin rencontre Zorrino. La cordillère des Andes
89%
Personnage à la recherche de qui se sont mis Tintin et Haddock. Zorrino entreprend de les aider. Le Professeur Tryphon Tournesol
89%
Groupe de peuples d'Amérique du Sud qui forment la plus nombreuse des familles ethnolinguistiques amérindiennes. Zorrino appartient à ce groupe dépositaire de la civilisation inca. Il s'agit également d'une marque du groupe français Décathlon dans l'univers des sports de montagne. Les Quechuas
74%
Plante grimpante herbacée ou ligneuse à la tige particulièrement souple, plante avec laquelle Zorrino fabriqua des cordes. La liane
70%
Couvre-chef que porte Zorrino, fabriqué à base de laine d’alpaga. Un chullo (bonnet local)
70%
Animal herbivore qui bouscula le Capitaine Haddock dans la forêt vierge. Zorrino explique quand cet animal est pressé, il fonce droit devant lui sans prendre garde au moindre obstacle mais il n'est pas méchant et peut facilement s'apprivoiser. Il possède une courte trompe qui l'aide à attraper sa nourriture. Le tapir
68%
Animal qui est la traduction du nom "Zorrino" en espagnol : un petit _____. Renard
68%
Auteur-compositeur belge bien connu qui composa la "Chanson de Zorrino" pour le dessin animé réalisé en 1969 portant le nom de l'album, auteur-compositeur qui avait alors arrêté la scène. Jacques Brel
53%
Personnage qui offre une médaille à Tintin pour avoir pris la défense de Zorrino injustement agressé par des brutes épaisses. Huascar
36%
Aucun quiz correspondant
Distribution des résultats
% des personnes avec chaque résultat
Percentile par nombre de réponses
Votre historique - résultats
Vous n’avez pas pris ce quiz